| 000 | 00476nam a2200133 a 4500 | ||
|---|---|---|---|
| 008 | 120416s1955 xx |||||||||||||| || u | ||
| 050 | _aNA 200 All | ||
| 100 | _aAllsopp, Bruce | ||
| 245 | 1 | 2 | _aA general history of architecture |
| 246 | _afrom the earliest civilization to the present day | ||
| 260 | _c1955 | ||
| 350 | _a0.00 | ||
| 995 |
_D0.00 _FCBU-MAIN LIBRARY (Kitwe) _H1 _I3.30 _M1 _UDAMAGED _ZMain Library Open Access Collection |
||
| 999 |
_c44400 _d44400 |
||